000 00666nam a22002297a 4500
003 UA-OsUOA
001 37898
007 ta
008 20060413b un ||||| |||| 00| 0 ukr d
090 _a82-94:32
_bВ77
942 _cBK
040 _aUA-OsUOA
_brus
_cUA-OsUOA
_dUA-OsUOA
245 _aВоспоминания о Мэгги: Портрет Маргарет Тэтчер
_cСост. Иэйн Дейл
300 _a349 с.
955 _a2
041 _arus
080 _a82-94:32
020 _a966-7767-69-8
260 _aК.
_bЗнання-Прес
_c2003
650 7 _a82 Література. Літературознавство
_2UDC
999 _c324067
_d324067